00622nam a2200169Ia 4500008004100000020001400041041000800055082001600063100002200079245010800101250000600209260004500215300001200260650003300272999001900305952012800324210716s2009 xx 000 0 und d a195686136 aeng a004.22 PARB aParhami, Behrooz. aComputer architecture: from microprocessors to supercomputers.bFrom microprocessors to supercomputers. a1 aNew DelhibOxford University Pressc2009 axix,556 aComputer Arch., Org.(004.22) c189678d189678 001040708MCAaAIMITbAIMITeAthulya Booksg315.00l0o004.22 PARBpMCA09186r2025-07-21 00:00:00v245.70w2021-07-16yBK